LEADER 01106naa a2200229 u 4500 001 000000096451 003 CaOOAMICUS 005 20070226130146.0 008 041013s1993 gw u000 u ger u 020 $a3777293210 035 $a11011431 040 $aIAR$bita 100 1 $aHlawitschka, Eduard.$0(OLS)http://pul/name/11492 245 10$aBeiträge zur Genealogie der Burchardinger und Liutpoldinger /$cEduard Hlawitschka. 260 $aStuttart :$bHiersemann,$c1993. 300 $aS. 203-218 ;$c25 cm 773 0 $aHerrschaft, Kirche, Kultur : Beoträge zur Geschichte des Mittelalters - Festschrift für Friedrich Prinz zu seinem 65. Geburtstag. 773 0 $tMonographien zur Geschichte des Mittelalters$gBd. 37 773 0 $tHerrschaft, Kirche, Kultur : Beiträge zur Geschichte des Mittelalters : Festschrift für Friedrich Prinz zu seinem 65. Geburtstag$w()17106 996 $6020$a3777293210$9(OLS)http://pul/number/21996 996 $6245$aBeiträge zur Genealogie der Burchardinger und Liutpoldinger$9(OLS)http://pul/title/123327 996 $6260$aStuttart :$bHiersemann$9(OLS)http://pul/publisher/55243 LEADER 01342naa a2200253 u 4500 001 000000096462 003 CaOOAMICUS 005 20070226130146.0 008 041013s1993 gw u000 u ger u 020 $a3777293210 035 $a11011448 040 $aIAR$bita 100 1 $aBierbrauer, Katharina.$0(OLS)http://pul/name/61479 245 10$aSchuttern in der Karolingerzeit - :$bDas Evangeliar in London, British Museum Library, Add. 47673 /$cKatharina u. Volker Bierbrauer. 260 $aStuttart :$bHiersemann,$c1993. 300 $aS. 449-492 ;$c25 cm 610 14$aBritish Museum.$kMss.$n(Add. 47673).$0(OLS)http://pul/subject/30506 700 1 $aBierbrauer, Volker.$0(OLS)http://pul/name/61480 773 0 $aHerrschaft, Kirche, Kultur : Beoträge zur Geschichte des Mittelalters - Festschrift für Friedrich Prinz zu seinem 65. Geburtstag. 773 0 $tMonographien zur Geschichte des Mittelalters$gBd. 37 773 0 $tHerrschaft, Kirche, Kultur : Beiträge zur Geschichte des Mittelalters : Festschrift für Friedrich Prinz zu seinem 65. Geburtstag$w()17106 996 $6020$a3777293210$9(OLS)http://pul/number/21996 996 $6245$aSchuttern in der Karolingerzeit - :$bDas Evangeliar in London, British Museum Library, Add. 47673$9(OLS)http://pul/title/123338 996 $6260$aStuttart :$bHiersemann$9(OLS)http://pul/publisher/55243 LEADER 00837naa a2200205 u 4500 001 000000103402 003 CaOOAMICUS 005 20070226130215.0 008 061115s1978 it u000 u ita u 035 $a11106945 040 $aIAR$bita 100 1 $aVanni Rovighi, Sofia,$d1908-1990.$0(OLS)http://pul/name/5652 245 12$aL'intenzionalità della conoscenza secondo P. Aureolo /$cSofia Vanni Rovighi. 260 $aMilano :$bVita e pensiero,$c1978. 300 $av.2, p. 275-282 ;$c22 cm 500 $aIAR: CCI.222 773 0 $aStudi di filosofia medioevale (Vanni Rovighi, Sofia) 773 0 $aVanni Rovighi, Sofia.$tStudi di filosofia medioevale$g19-20.$w()12175 996 $6245$aL'intenzionalità della conoscenza secondo P. Aureolo$9(OLS)http://pul/title/130307 996 $6260$aMilano :$bVita e pensiero$9(OLS)http://pul/publisher/48016